00865cam a2200265 a 450000100100000000500170001000800410002702000150006804000240008308200240010710000360013124500510016725000120021826000370023030000210026749000210028865000280030965000420033783000280037991000340040791000070044104900090044895201270045799900150058400000808720200929154428.0920904s1993 sp 000 f spa d a8432205451 aDO-SdBNPcNIICdDLC a863.64bM539c, 19931 aMendoza, Eduardo,d1943-92198613aLa ciudad de los prodigios /cEduardo Mendoza. a27a ed. aBarcelona :bSeix Barral,c1993. a394 p. ;c21 cm.1 aBiblioteca breve 4aNovela española91123 4aLiteratura españolaySIGLO XX93326 0aBiblioteca breve913442 aCatalogación por copia / LC aWM aBNGR 001054708MOaGRbGRcHDd2009-09-14iLF1l0o863.64 M539c, 1993p8087-10r2020-06-25w2020-06-25y4ZPréstamo en sala c7864d7864